000 00565nam a2200193 i 4500
001 6126
003 ES-MaACL
005 20230906144815.0
007 t|
008 890809s1988 sp ||||1| spa d
020 _a84-404-2816-2
080 _a86-34"19"
080 _a86(Solly,G.V.7 R.01)
100 1 _aSolly, Georgina Victoria.
_9107232
245 1 0 _aRelatos del desvan /
_cGeorgina Victoria Solly.
260 _a[S.l. :
_bs.n.],
_cD.L. 1988 (
_eValencia :
_fA.G. Mateu-Tormo)
300 _a158 p. ;
_c21 cm.
852 _aES-MaACL
_jL-13258
_bR.116665
_z. - rust.
999 _c6126
_d6126